Sportovní gymnastika na školách : Plány a cvičební themata pro oddíly sportovní gymnastiky na školách /

Hlavní autor: Štěrba, Vladislav
Korporativní autor: Československo. Ministerstvo školství (1953-1956)
Další autoři: Karásková, Jana, Došková, Zdeňka
Jazyk: Čeština
Vydáno: Praha : SPN, 1956
Vydání: 1. vyd.
Témata:
Fyzický popis: 38 s. ; 8°
Knihy
Uloženo v:
LEADER 01492nam a22003852a 4500
001 000807013
003 CZ BrMZK
005 20190712143046.0
007 ta
008 060126s1956 xr erf||||||||||cze d
015 |a cnb000722950 
035 |a (OCoLC)85453740 
040 |a ABA001  |b cze  |c BOA001  |d ABA001  |d BOA001 
072 7 |a 796  |x Sport. Hry. Tělesná cvičení  |2 Konspekt  |9 20 
080 |a 796.414/.418  |2 MRF 
080 |a 796.012.6:37.016  |2 MRF 
080 |a (035)  |2 MRF 
100 1 |a Štěrba, Vladislav  |4 edt 
245 1 0 |a Sportovní gymnastika na školách :  |b Plány a cvičební themata pro oddíly sportovní gymnastiky na školách /  |c Zprac. Vladislav Štěrba, Zdeňka Došková a kolektiv za red. Jany Karáskové 
250 |a 1. vyd. 
260 |a Praha :  |b SPN,  |c 1956 
300 |a 38 s. ;  |c 8° 
500 |a 2200 výt. 
550 |a Vydavatel: Ministerstvo školství 
650 0 7 |a sportovní gymnastika  |7 ph125945  |2 czenas 
650 0 7 |a tělesná výchova  |7 ph116513  |2 czenas 
655 7 |a příručky  |7 fd133209  |2 czenas 
700 1 |a Karásková, Jana  |4 edt 
700 1 |a Došková, Zdeňka  |4 edt 
710 1 |a Československo.  |b Ministerstvo školství (1953-1956)  |7 kn20050526002 
910 |a BOA001  |b PK-0014.318  |b X-0363.140 
990 |a BK 
991 |b 201904 
996 6 |b 2618987471  |c X-0363.140  |l MZK  |r Sklad / do 24 hodin  |n 0  |w 000807013  |u 000020  |a 1  |e BOA001  |j MZK50  |s P 
996 7 |b 3119688272  |c PK-0014.318  |l MZK  |r Sklad / do 1 hodiny  |n 1  |w 000807013  |u 000010  |a 1  |e BOA001  |j MZK50  |s A